One Piece en images - Saga East Blue - Statistiques

Statistiques générales
  • Ce quiz a été pris 265 fois
  • Le résultat moyen est 22 sur 30
Statistiques - réponses
Par images Réponse % Correct
Nami
99%
Shanks
99%
Zoro
99%
Baggy le Clown
96%
Luffy
94%
Sanji
94%
Usopp
94%
Koby
91%
Arlong
90%
Alvida
89%
Gol D.Roger
88%
Smoker
86%
Dragon
84%
Mihawk
84%
Zeff
80%
Yasopp
76%
Morgan
75%
Kuro
70%
Don Krieg
69%
Tashigi
69%
Kaya
66%
Merry
64%
Bellmere
62%
Meuh-Meuh
53%
Octo
52%
Nojiko
50%
Gin
48%
Cabaji
42%
Richy
42%
Morge
38%
Aucun quiz correspondant
Distribution des résultats
% des personnes avec chaque résultat
Percentile par nombre de réponses
Votre historique - résultats
Vous n’avez pas pris ce quiz